[Event "XVIII Weekend B"]
[Site "Ceriano Laghetto ITA"]
[Date "2009.03.27"]
[Round "1"]
[White "Schingaro, Angelo"]
[Black "Rota, Simone"]
[Result "1/2-1/2"]
[WhiteElo "1699"]
[BlackElo "1878"]
[PlyCount "78"]
[EventDate "2009.03.27"]

1. e4 c5 2. Nf3 d6 3. d4 cxd4 4. Nxd4 Nf6 5. Nc3 a6 6. Be3 e6 7. Qd2 Qc7 8. f3
b5 9. Bd3 Nbd7 10. a4 b4 11. Na2 a5 12. c3 bxc3 13. Nxc3 Ne5 14. Bb5+ Bd7 15.
Rc1 Rc8 16. O-O Be7 17. Nd5 Qb7 18. Nxe7 Kxe7 19. Qxa5 Bxb5 20. Nxb5 Nc6 21.
Qd2 Ne8 22. Rfd1 Rd8 23. Rc2 Rd7 24. Qc1 Nb4 25. Rc8 Na6 26. Qc6 Qxc6 27. Rxc6
Nec7 28. Nxc7 Nxc7 29. Rdc1 Na8 30. a5 Rb8 31. Rb1 Rb3 32. Bd4 e5 33. Bc3 Rdb7
34. Rd1 Nc7 35. Rcxd6 Nb5 36. Rb6 Rxb6 37. axb6 Nxc3 38. bxc3 Rxb6 39. Rc1 Rb7
1/2-1/2

[Event "XVIII Weekend B"]
[Site "Ceriano Laghetto ITA"]
[Date "2009.03.27"]
[Round "1"]
[White "Viale, Fabio"]
[Black "Quagliarella, Sabino Remo"]
[Result "1-0"]
[WhiteElo "1818"]
[BlackElo "1957"]
[PlyCount "113"]
[EventDate "2009.03.27"]

1. d4 Nf6 2. c4 g6 3. Nc3 d5 4. Bf4 c6 5. e3 Bg7 6. Nf3 O-O 7. h3 Qa5 8. Qd2
Nbd7 9. Be2 dxc4 10. Bxc4 Nb6 11. Bb3 Nbd5 12. Be5 Nxc3 13. Qxc3 Qxc3+ 14. bxc3
Bf5 15. O-O a5 16. g4 Bd3 17. Rfe1 a4 18. Bd1 Nd5 19. Bxg7 Kxg7 20. Rc1 Bc4 21.
Ne5 Bxa2 22. Re2 Bb3 23. Bxb3 axb3 24. Rb2 Ra6 25. Nc4 Ra2 26. Rxb3 b5 27. Ne5
Rc8 28. c4 bxc4 29. Rxc4 Ra6 30. Rb1 f6 31. Nd3 Ra3 32. Nc5 Nc3 33. Rb7 Kf7 34.
Nd7 h5 35. g5 fxg5 36. Rxc6 Rxc6 37. Ne5+ Ke6 38. Nxc6 Kd6 39. Nxe7 g4 40. hxg4
Ra5 41. Nxg6 Rg5 42. Ne5 Kd5 43. f4 Rg8 44. g5 Ke4 45. Kf2 Nd1+ 46. Kg3 Nxe3
47. Rf7 Nf5+ 48. Rxf5 Kxf5 49. d5 h4+ 50. Kf3 Ra8 51. d6 Ra3+ 52. Kg2 Ke6 53.
d7 Ke7 54. g6 Ra2+ 55. Kh3 Ra8 56. Kxh4 Kf6 57. Nc6 1-0

[Event "XVIII Weekend B"]
[Site "Ceriano Laghetto ITA"]
[Date "2009.03.27"]
[Round "1"]
[White "Virzi, Ettore"]
[Black "Colombo, Luca"]
[Result "1/2-1/2"]
[WhiteElo "1979"]
[BlackElo "1819"]
[PlyCount "151"]
[EventDate "2009.03.27"]

1. e4 c5 2. Nf3 d6 3. d4 cxd4 4. Nxd4 Nf6 5. Nc3 g6 6. Be2 Bg7 7. O-O O-O 8.
Re1 Nc6 9. Nb3 Bd7 10. Bf1 Rc8 11. Bg5 Qc7 12. Nd5 Qb8 13. c3 Rfe8 14. Qd2 Nxd5
15. exd5 Ne5 16. f4 Nc4 17. Bxc4 Rxc4 18. Rxe7 Rxe7 19. Bxe7 Re4 20. Re1 Bf5
21. Rxe4 Bxe4 22. Nd4 Qc7 23. Bh4 Qc5 24. Be7 Qxd5 25. Nb3 Bd3 26. Nc1 Qe6 27.
Bxd6 Qxd6 28. Nxd3 Qd5 29. a3 Bh6 30. Qe2 Qb5 31. Qe4 Qb6+ 32. Kh1 Qb3 33. h3
Bg7 34. Kh2 Qb5 35. Kh1 Qd7 36. Kh2 f5 37. Qc4+ Qf7 38. Qxf7+ Kxf7 39. c4 b6
40. Kg3 Ke6 41. Kf3 Bd4 42. Ke2 Kd6 43. Kd2 a6 44. a4 Kc6 45. b4 Kd6 46. Nc1
Bf2 47. Ne2 a5 48. bxa5 bxa5 49. Nc1 Kc6 50. Nd3 Bd4 51. Ke2 Kd6 52. Kf3 Ke6
53. Nc1 Kd6 54. Nb3 Bb6 55. Ke2 Kc6 56. Kd3 h6 57. g4 fxg4 58. hxg4 Kd6 59. c5+
Bxc5 60. Nxa5 Kd5 61. Nb3 Bd6 62. Ke3 Kc4 63. Nd2+ Kd5 64. Nf3 Bc5+ 65. Ke2 Bd6
66. Nh4 Bxf4 67. Nxg6 Bc7 68. Nh4 Ke5 69. Ke3 Kf6 70. Nf3 Kg6 71. Ke4 Bd8 72.
Kd5 h5 73. gxh5+ Kxh5 74. Ne5 Ba5 75. Kc5 Kg5 76. Kb5 1/2-1/2

[Event "XVIII Weekend B"]
[Site "Ceriano Laghetto ITA"]
[Date "2009.03.28"]
[Round "2"]
[White "Bellotto, Stefano"]
[Black "Kimbin, Richard Conrod"]
[Result "1/2-1/2"]
[WhiteElo "1992"]
[BlackElo "1834"]
[PlyCount "107"]
[EventDate "2009.03.27"]

1. d4 Nf6 2. c4 g6 3. Nc3 Bg7 4. e4 d6 5. f3 O-O 6. Be3 e5 7. Nge2 Nc6 8. d5
Ne7 9. Qd2 c6 10. O-O-O cxd5 11. cxd5 Nd7 12. g4 f5 13. gxf5 gxf5 14. Bh6 f4
15. Rg1 Ng6 16. Bxg7 Kxg7 17. Kb1 Kh8 18. Nc1 a6 19. b3 Qb6 20. Bh3 Nc5 21. Bg4
a5 22. Qb2 a4 23. bxa4 Qxb2+ 24. Kxb2 Bxg4 25. Rxg4 Nxa4+ 26. Nxa4 Rxa4 27. Rd3
Rc8 28. Rg2 Rac4 29. Nb3 Nh4 30. Rf2 b6 31. Na1 Nxf3 32. Rdxf3 Rxe4 33. Nb3 Kg7
34. Rg2+ Kf6 35. Rh3 h5 36. Rxh5 f3 37. Rd2 Rf4 38. Rf2 Rg8 39. Rh3 Rg2 40.
Rxg2 fxg2 41. Rg3 Rf2+ 42. Kc3 Kf5 43. Nd2 e4 44. Nxe4 Kxe4 45. Kc4 Rxa2 46. h4
Kf4 47. Rg8 g1=Q 48. Rxg1 Rh2 49. Rd1 Ke5 50. Re1+ Kf5 51. Re6 Rxh4+ 52. Kb5
Rd4 53. Rxd6 Ke5 54. Rxb6 1/2-1/2

[Event "XVIII Weekend B"]
[Site "Ceriano Laghetto ITA"]
[Date "2009.03.28"]
[Round "2"]
[White "Campesato, Adriano"]
[Black "Brioschi, Camillo"]
[Result "1-0"]
[WhiteElo "1655"]
[BlackElo "1872"]
[PlyCount "45"]
[EventDate "2009.03.27"]

1. e4 e5 2. Nf3 Nc6 3. Nc3 Nf6 4. d3 Bc5 5. h3 d6 6. Bg5 h6 7. Bh4 g5 8. Bg3
Be6 9. a3 Qd7 10. Na4 Bb6 11. Nxb6 axb6 12. Qd2 Nh5 13. Bh2 f5 14. exf5 Bd5 15.
Be2 Nf4 16. Bxf4 exf4 17. Qc3 O-O-O 18. O-O-O Qxf5 19. Rhg1 Rde8 20. Rde1 Rhf8
21. Nd4 Qf6 22. Bg4+ Kb8 23. Rxe8+ 1-0

[Event "XVIII Weekend B"]
[Site "Ceriano Laghetto ITA"]
[Date "2009.03.28"]
[Round "2"]
[White "Carbone, Lorenzo"]
[Black "Marchesotti, Giovanni"]
[Result "1-0"]
[WhiteElo "1807"]
[BlackElo "1660"]
[PlyCount "105"]
[EventDate "2009.03.27"]

1. e4 c6 2. c4 d5 3. exd5 cxd5 4. cxd5 Qxd5 5. Nc3 Qd8 6. Bb5+ Bd7 7. Qa4 Nc6
8. Nf3 a6 9. Be2 e6 10. a3 Nf6 11. O-O Be7 12. Qf4 O-O 13. d4 Nd5 14. Nxd5 exd5
15. Qg3 Bf5 16. Bf4 Re8 17. Rfe1 Qd7 18. Rac1 Rac8 19. Rc3 Bf6 20. Be3 Qc7 21.
Rec1 Qxg3 22. hxg3 Ne7 23. Rc7 b5 24. b3 Rxc7 25. Rxc7 Rc8 26. Ra7 Rc6 27. a4
bxa4 28. bxa4 Bc8 29. Ra8 g6 30. g4 h6 31. Bxh6 Kh7 32. g5 Bg7 33. Bxg7 Kxg7
34. Ra7 Re6 35. Ne5 Kf8 36. Bg4 Rxe5 37. dxe5 Bxg4 38. Rxa6 Be2 39. Ra8+ Kg7
40. Ra7 Kf8 41. Ra8+ Kg7 42. f4 Nc6 43. Kf2 Bc4 44. Rc8 Nb4 45. Rc7 Nd3+ 46.
Ke3 Nb2 47. a5 Nd1+ 48. Kd4 Kf8 49. Ra7 Nb2 50. Ra8+ Ke7 51. a6 Na4 52. a7 Nb6
53. Rb8 1-0

[Event "XVIII Weekend B"]
[Site "Ceriano Laghetto ITA"]
[Date "2009.03.28"]
[Round "2"]
[White "Cardani, Roberto"]
[Black "Nepi, Ezio"]
[Result "1-0"]
[WhiteElo "1940"]
[BlackElo "1822"]
[PlyCount "40"]
[EventDate "2009.03.27"]

1. e4 e6 2. d4 d5 3. Nc3 dxe4 4. Nxe4 Nd7 5. Nf3 Ngf6 6. Nxf6+ Nxf6 7. Bd3 c5
8. dxc5 Bxc5 9. Qe2 O-O 10. Bg5 h6 11. Bh4 Qa5+ 12. c3 Be7 13. O-O Qh5 14. Rfd1
b6 15. Bxf6 Bxf6 16. Qe4 g6 17. Qxa8 e5 18. Be4 Ba6 19. Qd5 Qg4 20. Nxe5 Qf4
1-0

[Event "XVIII Weekend B"]
[Site "Ceriano Laghetto ITA"]
[Date "2009.03.28"]
[Round "2"]
[White "Casale, Anania"]
[Black "Rapetti, Giuseppe"]
[Result "0-1"]
[WhiteElo "1719"]
[BlackElo "1785"]
[PlyCount "64"]
[EventDate "2009.03.27"]

1. d4 Nf6 2. c4 g6 3. Nc3 Bg7 4. e4 d6 5. f3 b6 6. Be3 Bb7 7. Bd3 Nbd7 8. Qd2
c5 9. d5 Ne5 10. O-O-O a6 11. Bh6 Nxd3+ 12. Qxd3 Bxh6+ 13. Kc2 Qc7 14. g4 Nd7
15. h4 Ne5 16. Qe2 b5 17. cxb5 axb5 18. Qxb5+ Qd7 19. Qe2 Ba6 20. Qh2 Rb8 21.
h5 Qb7 22. Rb1 Bd3+ 23. Kd1 Bxb1 24. hxg6 hxg6 25. f4 Nxg4 26. Qe2 Qxb2 27.
Qxg4 Bc2+ 28. Ke1 Qxc3+ 29. Kf1 Bd3+ 30. Ne2 Bxe2+ 31. Qxe2 Rb1+ 32. Kf2 Rb2
0-1

[Event "XVIII Weekend B"]
[Site "Ceriano Laghetto ITA"]
[Date "2009.03.28"]
[Round "2"]
[White "Clerici, Samuele"]
[Black "Regorda, Vittorio"]
[Result "0-1"]
[WhiteElo "1773"]
[BlackElo "1848"]
[PlyCount "110"]
[EventDate "2009.03.27"]

1. e4 c6 2. d4 d5 3. exd5 cxd5 4. Nf3 Nf6 5. Nc3 Bg4 6. Be2 Nc6 7. Bg5 e6 8. h3
Bh5 9. O-O Be7 10. Ne5 Bxe2 11. Nxe2 O-O 12. Nxc6 bxc6 13. b3 Ne4 14. Bxe7 Qxe7
15. f3 Nd6 16. Qd3 a5 17. Nc3 Qf6 18. Na4 Qf4 19. Rad1 Nf5 20. Rfe1 Qg3 21. Qe2
Nh4 22. Qf2 Qxf2+ 23. Kxf2 Ng6 24. Re3 Rab8 25. Rc3 Ne7 26. Rc5 Rb5 27. Rc3 Rc8
28. Nc5 Nf5 29. a4 Rb4 30. Rcd3 Nd6 31. g4 Re8 32. Re3 Nb7 33. Nxb7 Rxb7 34.
Rc3 Rb6 35. f4 Kf8 36. Rc5 Ra6 37. Rd3 Ke7 38. Rdc3 Kd6 39. Re3 f6 40. Rcc3 Rc8
41. Rc5 Rb8 42. Rcc3 Ra7 43. Re2 Rb4 44. Rd3 Rc7 45. Kf3 Re7 46. Red2 Rf7 47.
Rc3 e5 48. dxe5+ fxe5 49. f5 g6 50. Kg3 gxf5 51. gxf5 Rxf5 52. Rf3 Rbf4 53.
Rxf4 Rxf4 54. Rd3 c5 55. c3 c4 0-1

[Event "XVIII Weekend B"]
[Site "Ceriano Laghetto ITA"]
[Date "2009.03.28"]
[Round "2"]
[White "Colombo, Luca"]
[Black "Bernasconi, Roberto"]
[Result "0-1"]
[WhiteElo "1819"]
[BlackElo "1929"]
[PlyCount "78"]
[EventDate "2009.03.27"]

1. e4 e5 2. Nf3 Nf6 3. Nxe5 d6 4. Nf3 Nxe4 5. Nc3 Nxc3 6. dxc3 Be7 7. Be3 O-O
8. Qd2 Nc6 9. O-O-O Ne5 10. Nd4 c5 11. Nb3 a5 12. Qe1 Qc7 13. Bf4 Be6 14. Bxe5
dxe5 15. Nd2 c4 16. g3 Rab8 17. Kb1 b5 18. Qe3 b4 19. cxb4 Rxb4 20. c3 Rb5 21.
Nf3 Rfb8 22. Rd2 Ba3 23. b3 Rc5 24. Rb2 Bxb2 25. Kxb2 cxb3 26. a3 Rc8 27. Ng5
Bf5 28. c4 Qd7 29. Be2 Bc2 30. Ne4 Rxc4 31. Bxc4 Rxc4 32. Nc3 Qd4 33. Qxd4 exd4
34. Nd1 a4 35. Re1 Kf8 36. f4 f5 37. Ka1 d3 38. Nb2 d2 39. Rf1 Re4 0-1

[Event "XVIII Weekend B"]
[Site "Ceriano Laghetto ITA"]
[Date "2009.03.28"]
[Round "2"]
[White "Colombo, Samuel"]
[Black "Virzi, Ettore"]
[Result "1/2-1/2"]
[WhiteElo "1781"]
[BlackElo "1979"]
[PlyCount "52"]
[EventDate "2009.03.27"]

1. Nf3 Nf6 2. g3 g6 3. Bg2 Bg7 4. d3 O-O 5. O-O d5 6. Nbd2 Nc6 7. c3 e5 8. e4
dxe4 9. dxe4 Qe7 10. Qc2 b6 11. Re1 Bb7 12. Nf1 h6 13. Nh4 Rad8 14. b3 Ba6 15.
Bb2 Bd3 16. Qc1 Qe6 17. Qe3 Rd7 18. Rad1 Rfd8 19. h3 Bxf1 20. Rxd7 Qxd7 21.
Kxf1 Qd2 22. Qxd2 Rxd2 23. Re2 Rd1+ 24. Re1 Rd2 25. Re2 Rd1+ 26. Re1 Rd2
1/2-1/2

[Event "XVIII Weekend B"]
[Site "Ceriano Laghetto ITA"]
[Date "2009.03.28"]
[Round "2"]
[White "Colombo, Sandro"]
[Black "Rossi, Giampiero"]
[Result "1/2-1/2"]
[WhiteElo "1844"]
[BlackElo "1948"]
[PlyCount "104"]
[EventDate "2009.03.27"]

1. c4 e6 2. Nf3 d5 3. e3 c6 4. b3 Nf6 5. Bb2 Be7 6. Be2 O-O 7. O-O Nbd7 8. Qc2
b6 9. d3 Bb7 10. Nbd2 Rc8 11. e4 Qc7 12. Rac1 Qb8 13. e5 Ne8 14. d4 Nc7 15. Qb1
Rfd8 16. cxd5 cxd5 17. Bd3 Nf8 18. Ne1 Ne8 19. Rxc8 Rxc8 20. f4 g6 21. Nc2 Rc7
22. Ne3 Qc8 23. Nf3 Ba6 24. Bxa6 Qxa6 25. Rc1 Rxc1+ 26. Bxc1 Qe2 27. Qc2 Qxc2
28. Nxc2 Nc7 29. g4 Nd7 30. Ne3 f5 31. exf6 Bxf6 32. Ne5 Nxe5 33. fxe5 Bg5 34.
Kf2 Kf7 35. Kf3 Nb5 36. Bb2 Be7 37. Nc2 Ke8 38. a4 Nc7 39. Ba3 Bxa3 40. Nxa3 a6
41. Nc2 Kd7 42. Ke3 a5 43. b4 axb4 44. Nxb4 b5 45. a5 Kc8 46. Kd3 Kb7 47. Kc3
g5 48. Nd3 Na6 49. Nc5+ Nxc5 50. dxc5 Kc6 51. Kb4 d4 52. Kb3 Kxc5 1/2-1/2

[Event "XVIII Weekend B"]
[Site "Ceriano Laghetto ITA"]
[Date "2009.03.28"]
[Round "2"]
[White "Dogic, Mirhad"]
[Black "Palminteri, Vincenzo"]
[Result "1-0"]
[WhiteElo "1685"]
[BlackElo "1863"]
[PlyCount "67"]
[EventDate "2009.03.27"]

1. f4 d6 2. Nf3 c5 3. g3 b6 4. Bg2 Bb7 5. O-O Nf6 6. d3 g6 7. e4 Bg7 8. Nc3 O-O
9. Ne2 Nbd7 10. c3 Qc7 11. c4 Rad8 12. Nc3 a6 13. Qe2 e5 14. fxe5 dxe5 15. a4
Nb8 16. Rb1 Nc6 17. Nd5 Nxd5 18. cxd5 Ne7 19. Bd2 b5 20. axb5 axb5 21. Rfc1 b4
22. Bxb4 f5 23. Bxc5 Qd7 24. b4 Ba6 25. d6 Nc8 26. Qa2+ Kh8 27. Qxa6 fxe4 28.
dxe4 Qg4 29. Qc6 Rxf3 30. Bxf3 Qxf3 31. Rf1 Qd3 32. Rbd1 Qc4 33. Qd5 Qa6 34. d7
1-0

[Event "XVIII Weekend B"]
[Site "Ceriano Laghetto ITA"]
[Date "2009.03.28"]
[Round "2"]
[White "Guzzetti, Luigi Enrico"]
[Black "Viale, Fabio"]
[Result "0-1"]
[WhiteElo "1854"]
[BlackElo "1818"]
[PlyCount "44"]
[EventDate "2009.03.27"]

1. e4 g6 2. d4 Bg7 3. c3 c6 4. Nf3 d6 5. h3 Nd7 6. Bd3 Qc7 7. O-O Ngf6 8. Be3
O-O 9. Nbd2 Re8 10. Rc1 e5 11. b4 d5 12. dxe5 Nxe5 13. Nxe5 Qxe5 14. f4 Qc7 15.
e5 Nd7 16. Bd4 f6 17. exf6 Bxf6 18. Bxf6 Nxf6 19. Qf3 Qb6+ 20. Kh1 Re3 21. Nc4
Rxf3 22. Nxb6 Rxf1+ 0-1

[Event "XVIII Weekend B"]
[Site "Ceriano Laghetto ITA"]
[Date "2009.03.28"]
[Round "2"]
[White "Lanni, Vincenzo"]
[Black "Schingaro, Angelo"]
[Result "1-0"]
[WhiteElo "1870"]
[BlackElo "1699"]
[PlyCount "53"]
[EventDate "2009.03.27"]

1. d4 d5 2. g3 c6 3. Bg2 Nf6 4. Nf3 Bf5 5. O-O e6 6. Nbd2 Nbd7 7. Nh4 Bg6 8.
Nxg6 hxg6 9. c4 Be7 10. e4 dxe4 11. Nxe4 Nb6 12. b3 Nxe4 13. Bxe4 Bf6 14. Be3
O-O 15. h4 Qe7 16. h5 gxh5 17. Qxh5 g6 18. Qh3 Rfd8 19. Rad1 Rd7 20. Kg2 Qf8
21. Rh1 Qg7 22. Bh6 Qh7 23. Qg4 Rad8 24. Bf8 Rxf8 25. Rxh7 Kxh7 26. Rh1+ Kg7
27. Qh3 1-0

[Event "XVIII Weekend B"]
[Site "Ceriano Laghetto ITA"]
[Date "2009.03.28"]
[Round "2"]
[White "Olivo, Mario"]
[Black "Mouflih, Caesar Faycal"]
[Result "0-1"]
[WhiteElo "1899"]
[BlackElo "1593"]
[PlyCount "74"]
[EventDate "2009.03.27"]

1. Nf3 d5 2. g3 c5 3. Bg2 Nc6 4. d3 e5 5. Nbd2 Nf6 6. O-O Be7 7. Re1 O-O 8. e4
d4 9. Nc4 Qc7 10. a4 Be6 11. h3 Nd7 12. Ng5 Bxg5 13. Bxg5 f6 14. Bd2 Nb6 15.
Nxb6 axb6 16. b3 g5 17. Rf1 Qd7 18. Kh2 Kg7 19. f4 h6 20. f5 Bf7 21. h4 Ne7 22.
Bh3 Rh8 23. Kg2 Nc6 24. Qc1 Rag8 25. hxg5 hxg5 26. Bxg5 Rxh3 27. Bxf6+ Kxf6 28.
Kxh3 Rg5 29. g4 Qe8 30. Rh1 Qg8 31. Qd1 Bh5 32. Rg1 Qh7 33. gxh5 Rxh5+ 34. Kg2
Rg5+ 35. Kf2 Qh2+ 36. Kf3 Qf4+ 37. Ke2 Qe3+ 0-1

[Event "XVIII Weekend B"]
[Site "Ceriano Laghetto ITA"]
[Date "2009.03.28"]
[Round "2"]
[White "Pepa, Syrja"]
[Black "Riboldi, Raffaele"]
[Result "1-0"]
[WhiteElo "1830"]
[BlackElo "1926"]
[PlyCount "56"]
[EventDate "2009.03.27"]

1. d4 Nf6 2. c4 e6 3. Nc3 Bb4 4. Qc2 c5 5. dxc5 Bxc5 6. Nf3 Nc6 7. Bg5 h6 8.
Bh4 O-O 9. e3 b6 10. Bd3 Bb7 11. O-O Be7 12. Rad1 a6 13. Qd2 g5 14. Bg3 Re8 15.
e4 d5 16. cxd5 exd5 17. exd5 Nb4 18. Bc4 b5 19. Bb3 a5 20. d6 Bf8 21. Ne5 Kg7
22. Nxf7 Qb6 23. Nxg5 Qc6 24. Nf3 a4 25. a3 Na6 26. Bd5 Nxd5 27. Qxd5 Qxd5 28.
Nxd5 Re2 1-0

[Event "XVIII Weekend B"]
[Site "Ceriano Laghetto ITA"]
[Date "2009.03.28"]
[Round "2"]
[White "Quagliarella, Sabino Remo"]
[Black "Donghi, Fabio"]
[Result "1-0"]
[WhiteElo "1957"]
[BlackElo "1670"]
[PlyCount "101"]
[EventDate "2009.03.27"]

1. d4 Nf6 2. Nf3 d5 3. e3 Bg4 4. Be2 e6 5. O-O Nbd7 6. b3 Be7 7. c4 c6 8. Nc3
O-O 9. Bb2 Re8 10. h3 Bf5 11. Nd2 h6 12. Bf3 Bb4 13. a3 Bxc3 14. Bxc3 Ne4 15.
Nxe4 Bxe4 16. Bxe4 dxe4 17. Qc2 Nf6 18. Rfd1 Qc7 19. Rac1 Rac8 20. Qb2 Nd7 21.
d5 e5 22. d6 Qd8 23. b4 b6 24. Qe2 c5 25. b5 Qf6 26. Qg4 Qe6 27. Qxe4 f5 28.
Qb7 Rb8 29. Qd5 Qxd5 30. Rxd5 Nf6 31. Rxe5 Rxe5 32. Bxe5 Nd7 33. Bb2 Re8 34.
Kf1 Re6 35. Rd1 g6 36. Ke2 h5 37. f3 Kf7 38. Rd5 Ke8 39. Kd3 Kf7 40. e4 fxe4+
41. fxe4 Re8 42. Rg5 Rg8 43. e5 Ke6 44. Ke4 Nf8 45. Rg3 Nd7 46. Rf3 Rf8 47.
Rxf8 Nxf8 48. Kf4 Nd7 49. Kg5 Nf8 50. Bc3 Kd7 51. Kf6 1-0

[Event "XVIII Weekend B"]
[Site "Ceriano Laghetto ITA"]
[Date "2009.03.28"]
[Round "2"]
[White "Raineri, Pieroberto"]
[Black "Regorda, Massimiliano"]
[Result "0-1"]
[WhiteElo "1669"]
[BlackElo "1919"]
[PlyCount "65"]
[EventDate "2009.03.27"]

1. d4 d5 2. c4 e6 3. Nc3 c5 4. Nf3 Nc6 5. cxd5 exd5 6. g3 Nf6 7. h3 Be7 8. Bg2
O-O 9. Ne5 cxd4 10. Nxc6 bxc6 11. Qxd4 Qb6 12. Be3 Qxd4 13. Bxd4 Be6 14. O-O
Rfd8 15. Rfd1 a5 16. Na4 Rdb8 17. Rac1 Ra6 18. b3 Ne8 19. Nc5 Bxc5 20. Bxc5 a4
21. b4 Nf6 22. a3 Ne4 23. Bd4 Nd6 24. Be5 Rd8 25. Bxd6 Rxd6 26. e3 f6 27. Rc5
Bd7 28. Kh2 Kf7 29. Bf1 Ra8 30. b5 cxb5 31. Bxb5 Ra5 32. Rcxd5 Rxd5 33. Bc4 0-1

[Event "XVIII Weekend B"]
[Site "Ceriano Laghetto ITA"]
[Date "2009.03.28"]
[Round "2"]
[White "Rota, Simone"]
[Black "Fragni, Enrico"]
[Result "1-0"]
[WhiteElo "1878"]
[BlackElo "1769"]
[PlyCount "103"]
[EventDate "2009.03.27"]

1. d4 c6 2. c4 d6 3. g3 Nf6 4. Bg2 e5 5. Nc3 Be7 6. d5 O-O 7. e4 Bg4 8. Nge2 a5
9. h3 Bd7 10. O-O Na6 11. Be3 Nc7 12. a4 Nfe8 13. g4 h5 14. gxh5 Bg5 15. Qd2
Bxe3 16. Qxe3 Nf6 17. Ng3 Nh7 18. f4 exf4 19. Qxf4 Ne8 20. Nf5 Bc8 21. Kh2 Bxf5
22. Qxf5 Qf6 23. Rad1 Rd8 24. dxc6 bxc6 25. Qg4 Qe7 26. Qf5 f6 27. Bf3 Ng5 28.
Bg4 Qf7 29. h4 Nh7 30. Qe6 Nc7 31. Qxf7+ Kxf7 32. Bf5 Rh8 33. c5 dxc5 34. Rxd8
Rxd8 35. Bxh7 Rd2+ 36. Kg3 Ke7 37. Rf2 Rd3+ 38. Kg4 Ne6 39. Bf5 Nc7 40. h6 gxh6
41. Kh5 Rd8 42. Rg2 Ne8 43. Kxh6 Nc7 44. Rg7+ Kd6 45. Kg6 Ne8 46. Rf7 Ke5 47.
Re7+ Kd6 48. Re6+ Kd7 49. h5 Nd6 50. Kxf6 Rb8 51. Kg5 Rg8+ 52. Rg6+ 1-0

[Event "XVIII Weekend B"]
[Site "Ceriano Laghetto ITA"]
[Date "2009.03.28"]
[Round "2"]
[White "Veronelli, Franco"]
[Black "Cervini, Gian Piero"]
[Result "1/2-1/2"]
[WhiteElo "1617"]
[BlackElo "1819"]
[PlyCount "72"]
[EventDate "2009.03.27"]

1. e4 g6 2. d4 Bg7 3. Nf3 d6 4. Nc3 Nf6 5. Be3 O-O 6. Qd2 c6 7. Bh6 Qa5 8. Bxg7
Kxg7 9. Bd3 Nbd7 10. O-O e5 11. Rfd1 exd4 12. Nxd4 Ne5 13. h3 d5 14. Qf4 Nxd3
15. Rxd3 dxe4 16. Nxe4 Nxe4 17. Qxe4 c5 18. Qe5+ f6 19. Ne6+ Bxe6 20. Qxe6 Rae8
21. Rd7+ Kh6 22. Qd5 Re1+ 23. Rxe1 Qxe1+ 24. Kh2 Qxf2 25. Qxb7 Qf4+ 26. Kg1
Qc1+ 27. Kh2 Qf4+ 28. Kg1 Re8 29. Rxh7+ Kg5 30. h4+ Kf5 31. Qd5+ Re5 32. Qd3+
Re4 33. Qd7+ Re6 34. Qd3+ Re4 35. Qd7+ Re6 36. Qd3+ Re4 1/2-1/2

[Event "XVIII Weekend B"]
[Site "Ceriano Laghetto ITA"]
[Date "2009.03.28"]
[Round "3"]
[White "Bernasconi, Roberto"]
[Black "Colombo, Sandro"]
[Result "1-0"]
[WhiteElo "1929"]
[BlackElo "1844"]
[PlyCount "57"]
[EventDate "2009.03.27"]

1. e4 c5 2. Nf3 Nc6 3. Bb5 e6 4. Bxc6 bxc6 5. O-O Nf6 6. d3 Be7 7. Nbd2 O-O 8.
Re1 d6 9. e5 dxe5 10. Nxe5 Qc7 11. Ndc4 Nd5 12. Qh5 Bf6 13. Ng4 Re8 14. Nxf6+
Nxf6 15. Qxc5 Ba6 16. Bd2 Rab8 17. b3 Qd7 18. Ne5 Qd5 19. Qxc6 Qxc6 20. Nxc6
Rbc8 21. Nb4 Bb7 22. c4 Red8 23. Re3 Ng4 24. Rg3 a5 25. Rxg4 axb4 26. Rg3 Be4
27. Bxb4 Bxd3 28. Bc3 g6 29. Bf6 1-0

[Event "XVIII Weekend B"]
[Site "Ceriano Laghetto ITA"]
[Date "2009.03.28"]
[Round "3"]
[White "Bertamini, Alberto"]
[Black "Guzzetti, Luigi Enrico"]
[Result "1/2-1/2"]
[WhiteElo "1592"]
[BlackElo "1854"]
[PlyCount "71"]
[EventDate "2009.03.27"]

1. d4 Nf6 2. c4 g6 3. Nc3 Bg7 4. Nf3 d6 5. e3 O-O 6. Bd3 Nc6 7. a3 e5 8. d5 Ne7
9. e4 Ne8 10. Bg5 h6 11. Be3 f5 12. exf5 gxf5 13. Nh4 Nf6 14. f3 Bd7 15. Qc2
Nh5 16. g3 Qe8 17. Rg1 Qf7 18. O-O-O f4 19. gxf4 Nxf4 20. Be4 Qf6 21. Ng6 Nexg6
22. Bxg6 Bf5 23. Bxf5 Qxf5 24. Ne4 Kh8 25. Qd2 Rf7 26. Rg4 Rg8 27. Rdg1 Rff8
28. R1g3 Bf6 29. Rxg8+ Rxg8 30. Rxg8+ Kxg8 31. Bxf4 exf4 32. Qg2+ Kf7 33. Nxf6
Qxf6 34. Qg4 Qe5 35. Qd7+ Qe7 36. Qf5+ 1/2-1/2

[Event "XVIII Weekend B"]
[Site "Ceriano Laghetto ITA"]
[Date "2009.03.28"]
[Round "3"]
[White "Brioschi, Camillo"]
[Black "Raineri, Pieroberto"]
[Result "1-0"]
[WhiteElo "1872"]
[BlackElo "1669"]
[PlyCount "63"]
[EventDate "2009.03.27"]

1. d4 Nf6 2. c4 g6 3. Nc3 Bg7 4. e4 d6 5. Nf3 O-O 6. Be2 e5 7. dxe5 dxe5 8.
Qxd8 Rxd8 9. Bg5 Rd7 10. Nxe5 Re7 11. f4 Re8 12. O-O-O Nh5 13. Bxh5 gxh5 14.
Nd5 Na6 15. Nf6+ Bxf6 16. Bxf6 Bg4 17. Nxg4 hxg4 18. e5 Nc5 19. Rhe1 Ne6 20. g3
c5 21. h3 gxh3 22. Rh1 a6 23. Rxh3 b5 24. Rdh1 Nf8 25. Rh5 bxc4 26. Rg5+ Ng6
27. f5 Rab8 28. fxg6 fxg6 29. Rg4 Rb7 30. Rxc4 Reb8 31. Rh2 Rb5 32. a4 1-0

[Event "XVIII Weekend B"]
[Site "Ceriano Laghetto ITA"]
[Date "2009.03.28"]
[Round "3"]
[White "Campesato, Adriano"]
[Black "Greco, Umberto"]
[Result "1-0"]
[WhiteElo "1655"]
[BlackElo "1773"]
[PlyCount "127"]
[EventDate "2009.03.27"]

1. d4 Nf6 2. Nf3 g6 3. g3 Bg7 4. Bg2 O-O 5. O-O d5 6. c3 c6 7. Nbd2 Bf5 8. Nh4
Bg4 9. Re1 Re8 10. Qb3 Bc8 11. e4 dxe4 12. Nxe4 Nxe4 13. Rxe4 Nd7 14. Bg5 Nf6
15. Ree1 Qa5 16. Nf3 Qd5 17. Qc2 Bf5 18. Qe2 Bg4 19. Bd2 Rad8 20. h3 Bxf3 21.
Bxf3 Qd7 22. Kg2 c5 23. Be3 cxd4 24. Bxd4 b6 25. Rad1 Qc8 26. a4 e6 27. Qb5 Nd5
28. Bxg7 Kxg7 29. Bxd5 exd5 30. Rxe8 Rxe8 31. Qxd5 Qe6 32. Qxe6 Rxe6 33. Rd4
Re2 34. Rb4 Kf6 35. Kf3 Re5 36. Rf4+ Kg7 37. Rb4 Rd5 38. Rb5 Rd2 39. Ke3 Rd6
40. a5 Kf8 41. axb6 axb6 42. c4 Ke7 43. Re5+ Kf6 44. f4 Rd1 45. Rb5 Rd6 46. b3
Ke7 47. Re5+ Kf8 48. c5 bxc5 49. Rxc5 Rb6 50. Rc3 Ke7 51. g4 Kd6 52. g5 Rb7 53.
h4 Ke6 54. Kf3 Kd5 55. Kg4 Kd4 56. Rh3 Kc5 57. h5 Kb5 58. hxg6 hxg6 59. Rg3 Rc7
60. Re3 Rd7 61. Rf3 Rc7 62. f5 Rc6 63. fxg6 Rxg6 64. Rxf7 1-0

[Event "XVIII Weekend B"]
[Site "Ceriano Laghetto ITA"]
[Date "2009.03.28"]
[Round "3"]
[White "Donghi, Fabio"]
[Black "Colombo, Luca"]
[Result "1/2-1/2"]
[WhiteElo "1670"]
[BlackElo "1819"]
[PlyCount "147"]
[EventDate "2009.03.27"]

1. Nf3 c5 2. c4 Nc6 3. g3 g6 4. Bg2 Bg7 5. Nc3 d6 6. d3 Nf6 7. O-O O-O 8. a3
Ng4 9. Rb1 Nge5 10. Nxe5 Bxe5 11. Nd5 e6 12. Ne3 a5 13. Bd2 a4 14. Nc2 Na5 15.
Bxa5 Qxa5 16. b4 axb3 17. Rxb3 Qc7 18. Qd2 Rb8 19. Rfb1 b6 20. h4 Bd7 21. d4
Bg7 22. e3 Ba4 23. Rd3 cxd4 24. exd4 Qxc4 25. Rc3 Qa6 26. Nb4 Qa5 27. Qe3 d5
28. Nc6 Bxc6 29. Rxc6 Rfc8 30. Rxc8+ Rxc8 31. Bf1 Rc3 32. Qf4 Qa7 33. a4 Qc7
34. Qxc7 Rxc7 35. Rxb6 Bxd4 36. Rb8+ Kg7 37. a5 Rc2 38. Rb1 Bxf2+ 39. Kh1 Ra2
40. a6 e5 41. Rb7 e4 42. Rd7 Ra5 43. Kg2 Be3 44. Be2 Kf6 45. Kh3 h5 46. Kg2 Ke6
47. Rb7 Bc5 48. g4 hxg4 49. Bxg4+ Kf6 50. Be2 Ra2 51. Kf1 Ra1+ 52. Kg2 Re1 53.
Bf1 e3 54. Bd3 e2 55. Kf3 Ke5 56. Bxe2 f5 57. Rc7 Bd4 58. Bb5 Re3+ 59. Kg2 Kf4
60. Rd7 Rb3 61. Rxd5 Rb2+ 62. Kf1 Kf3 63. Be2+ Ke3 64. Rd7 Rb1+ 65. Kg2 Kxe2
66. Rxd4 Ra1 67. Rd6 Ke3 68. Rxg6 Ra2+ 69. Kh3 Kf4 70. h5 Ra3+ 71. Kh2 Ra2+ 72.
Kh3 Ra3+ 73. Kh2 Ra2+ 74. Kh3 1/2-1/2